Formula 1 drivers #3 - Statistics

General Stats
  • This quiz has been taken 20 times
  • The average score is 11 of 16
Answer Stats
Picture Answer % Correct
Jenson Button
100%
Robert Kubica
94%
Damon Hill
89%
Kevin Magnussen
89%
Valtteri Bottas
89%
Jules Bianchi
83%
Alberto Ascari
72%
Rubens Barrichello
72%
Jody Scheckter
56%
John Surtees
56%
Michele Alboreto
56%
Alex Zanardi
50%
Eddie Irvine
44%
Jacky Ickx
44%
René Arnoux
33%
Lorenzo Bandini
22%
No matching quizzes found
Score Distribution
Percent of People with Each Score
Percentile by Number Answered
Your Score History
You have not taken this quiz